[Event "Druzynowe Mistrzostwa Polski Juniorow 2019 - II Liga"]
[Site "Szczyrk"]
[Date "1899-12-30"]
[Round "3.14"]
[White "Owoc, Jakub"]
[Black "Majewski, Krzysztof"]
[Result "0-1"]
[WhiteTitle "II"]
[BlackTitle "I"]
[WhiteElo "1614"]
[BlackElo "1719"]

1. e4 g6 2. h4 h5 3. d4 d6 4. Nc3 Bg7 5. Nf3 Nc6 6. Be2 Bg4 7. Be3 a6 8. Qd2 e5
9. d5 Nce7 10. O-O-O Nf6 11. Nh2 Bxe2 12. Qxe2 b5 13. a3 Qd7 14. f4 exf4 15. Bxf4
Ng4 16. Nxg4 Qxg4 17. Qxg4 hxg4 18. Rde1 Kd7 19. Re3 Rae8 20. g3 Nc8 21. Rhe1
f5 22. e5 dxe5 23. Bxe5 Bh6 24. Bxh8 Rxe3 25. Rxe3 Bxe3+ 26. Kd1 Kd6 27. Ke2 Bc1
28. Kd3 Bxb2 29. Nxb5+ axb5 30. Bxb2 Kxd5 31. Ke3 Nd6 32. Kf4 Ne4 33. Ba1 c5 34.
Bg7 Ke6 35. Bb2 Nd2 36. Kg5 Kf7 37. h5 Ne4+ 38. Kf4 gxh5 39. Kxf5 Nxg3+ 40. Kg5
Ke6 41. Bc1 Ne2 42. Be3 c4 43. Kxh5 g3 44. Kg4 g2 45. Kf3 g1=Q 46. Bxg1 Nxg1+
47. Ke4 Ne2 48. Ke3 Nc3 49. Kd4 Na4 50. Ke4 Kd6 51. Kd4 Nb6 52. Ke4 Kc5 53. Ke3
Nd5+ 54. Kd2 Kd4 55. Kc1 Kc3 56. Kb1 Ne3 57. Ka2 Nxc2 58. a4 bxa4 59. Kb1 Nd4
60. Ka2 Kd2 0-1

[Event "Druzynowe Mistrzostwa Polski Juniorow 2019 - II Liga"]
[Site "Szczyrk"]
[Date "1899-12-30"]
[Round "3.15"]
[White "Grzesik, Gracjan"]
[Black "Krupinski, Mikolaj"]
[Result "1/2-1/2"]
[WhiteTitle "I++"]
[BlackTitle "II"]
[WhiteElo "1974"]
[BlackElo "1510"]

1. c4 c6 2. Nc3 d5 3. cxd5 cxd5 4. d4 Nf6 5. g3 Nc6 6. Bg2 Qb6 7. Nf3 Bg4 8. O-O
e6 9. e3 Bd6 10. h3 Bh5 11. b3 O-O 12. Bb2 Rac8 13. g4 Bg6 14. Nh4 Bb8 15. Nxg6
hxg6 16. g5 Ne8 17. Na4 Qc7 18. f4 b6 19. Rc1 Nd6 20. Re1 Nf5 21. Qg4 Qd6 22.
Qe2 Nce7 23. Qf2 Rxc1 24. Rxc1 Rc8 25. Rxc8+ Nxc8 26. Bf1 Nce7 27. Bd3 Qc7 28.
Ba3 Nd6 29. Qc2 Qxc2 30. Bxc2 Nef5 31. Bxd6 Bxd6 32. Bxf5 gxf5 33. Nb2 Kf8 34.
Nd3 Ke8 35. b4 Kd7 36. a4 a5 37. b5 Ke8 38. Kf2 Kf8 39. Ne1 Bb4 40. Nd3 Bd6 41.
Ne5 Bxe5 42. fxe5 g6 43. Kf3 Kg7 44. h4 Kh7 1/2-1/2

[Event "Druzynowe Mistrzostwa Polski Juniorow 2019 - II Liga"]
[Site "Szczyrk"]
[Date "1899-12-30"]
[Round "3.16"]
[White "Wiszniewski, Szymon"]
[Black "Bochniak, Franciszek"]
[Result "0-1"]
[WhiteTitle "II+"]
[BlackTitle "II+"]
[WhiteElo "1473"]
[BlackElo "1194"]

1. e4 c5 2. Nf3 d6 3. d4 cxd4 4. Nxd4 Nf6 5. Nc3 a6 6. Be3 e5 7. Nb3 Be6 8. f3
Be7 9. Qd2 Nbd7 10. O-O-O O-O 11. g4 b5 12. g5 Nh5 13. Kb1 Nb6 14. Na5 Qc7 15.
Bxb5 axb5 16. Nxb5 Qd7 17. Nxd6 Qxd6 18. Qxd6 Bxd6 19. Bxb6 Be7 20. b3 Ra6 21.
Nc6 Ba3 22. Nxe5 Rxb6 23. Nd7 Bxd7 24. Rxd7 Ra8 25. Rhd1 Rba6 26. Rb7 g6 27. Rdd7
Rd6 28. c4 Rd8 29. Rxd8+ Rxd8 30. Kc2 Nf4 31. b4 Rd4 32. Kb3 Rd3+ 33. Ka4 Ne6
34. Kb5 Nd4+ 35. Ka5 Nc6+ 36. Ka4 Bxb4 37. Kb5 Nd8 38. Rb8 Be7 39. c5 Rd1 40.
Rc8 Kg7 41. c6 Ne6 42. a4 Rc1 43. a5 Bxg5 44. a6 Be3 45. Kb4 Bc5+ 46. Kb3 Bb6
47. Kb2 Rc5 48. f4 Nxf4 49. Rb8 Rxc6 50. Kb3 Ne6 51. Kb4 Nc7 52. Rb7 Nxa6+ 53.
Kb5 Re6 54. Kxa6 Bg1+ 55. Kb5 Bxh2 56. Kc5 Rxe4 57. Kd5 Re1 58. Rb2 Be5 59. Rf2
h5 60. Rg2 h4 61. Rg4 Bg3 0-1

[Event "Druzynowe Mistrzostwa Polski Juniorow 2019 - II Liga"]
[Site "Szczyrk"]
[Date "1899-12-30"]
[Round "3.17"]
[White "Bienko, Jagoda"]
[Black "Surpeta, Julia"]
[Result "0-1"]
[WhiteTitle "I"]
[BlackTitle "I++"]
[WhiteElo "1415"]
[BlackElo "1564"]

1. d4 Nf6 2. c4 g6 3. Nc3 Bg7 4. e4 d6 5. Nf3 O-O 6. Be2 Na6 7. O-O e5 8. d5 Nc5
9. Qc2 a5 10. Ne1 Kh8 11. f3 Nh5 12. Nd3 f5 13. Be3 Nxd3 14. Bxd3 f4 15. Bf2 Qg5
16. Kh1 Qh6 17. Nb5 Rf7 18. Kg1 b6 19. a3 Qg5 20. Kh1 Ng3+ 21. Bxg3 fxg3 22. hxg3
Qxg3 23. Qf2 Qg5 24. Kg1 Bf6 25. Rfd1 Qh6 26. Kf1 Bh4 27. Qd2 Bg5 28. Qf2 Be3
29. Qg3 g5 30. Ke2 Bf4 31. Qf2 g4 32. Rh1 Qg5 33. Qh4 Qg8 34. Raf1 Bg5 35. Qh5
Bd8 36. Rf2 Bd7 37. a4 Rg7 38. b3 Be8 39. Qh6 Bg5 40. Qe6 Qxe6 41. dxe6 g3 42.
Rff1 Bg6 43. Rh3 Bf4 44. Nc3 c6 45. Nd1 Re8 46. Ne3 Rxe6 47. Rfh1 Rg8 48. c5 Rd8
49. Bc4 Re7 50. cxb6 Rb7 51. Ng4 d5 52. exd5 cxd5 53. Bb5 Kg7 54. Rd1 Rxb6 55.
Ne3 Rbd6 56. Rc1 e4 57. Rc7+ Kf8 58. Nf1 Re6 59. Ra7 exf3+ 60. Kxf3 Rf6 61. Ra6
Bd6+ 62. Ke3 Bc5+ 63. Kd2 Rf2+ 64. Kd1 Bc2+ 65. Kc1 Ba3# 0-1

[Event "Druzynowe Mistrzostwa Polski Juniorow 2019 - II Liga"]
[Site "Szczyrk"]
[Date "1899-12-30"]
[Round "3.18"]
[White "Bar, Klaudia"]
[Black "Grzesik, Nikola"]
[Result "0-1"]
[WhiteTitle "I"]
[BlackTitle "I"]
[WhiteElo "1512"]
[BlackElo "1338"]

1. Nf3 c5 2. g3 Nc6 3. Bg2 g6 4. O-O Bg7 5. d3 d6 6. e4 e6 7. Re1 Nge7 8. Nbd2
a6 9. Nf1 b5 10. h4 O-O 11. h5 a5 12. N1h2 h6 13. Be3 Qb6 14. c3 b4 15. Rc1 bxc3
16. bxc3 Qb2 17. Rc2 Qb5 18. d4 cxd4 19. cxd4 Nb4 20. Rb2 Qd7 21. a3 Nbc6 22.
Qd2 Kh7 23. Ng4 Ng8 24. e5 d5 25. Nf6+ Nxf6 26. exf6 Bxf6 27. Bxh6 Rh8 28. Ne5
Nxe5 29. dxe5 Bg7 30. Bxg7 Kxg7 31. hxg6 fxg6 32. Rb6 Qf7 33. Rc1 Rh5 34. Qe2
Qe7 35. Rbc6 Bd7 36. Rc7 Kg8 37. f4 Rf5 38. Qg4 Rf7 39. Rb1 Rc8 40. Rxc8+ Bxc8
41. Qxg6+ Rg7 42. Qd3 Qa7+ 43. Kf1 Ba6 44. Rb5 Bxb5 45. Qxb5 Re7 46. Qd3 Kf8 47.
g4 Qc5 48. Ke2 Qg1 49. Qh3 Ke8 50. g5 Qd4 51. Qe3 Qxe3+ 52. Kxe3 Rb7 53. a4 Rb4
54. Bf1 Ke7 55. Bb5 Re4+ 56. Kf3 Re1 57. Kf2 Rb1 58. Kg3 Kf7 59. Kg4 Rb4 60. Kf3
Rb1 61. Kg4 Rg1+ 62. Kh5 Rh1+ 63. Kg4 Rb1 64. g6+ Kg7 65. Bd7 Rb6 66. f5 exf5+
67. Bxf5 Rb4+ 68. Kg5 Rxa4 69. e6 Ra1 70. Be4 Rg1+ 71. Kh5 Kf6 72. Bxd5 0-1

[Event "Druzynowe Mistrzostwa Polski Juniorow 2019 - II Liga"]
[Site "Szczyrk"]
[Date "1899-12-30"]
[Round "3.19"]
[White "Lewandowski, Wiktor"]
[Black "Sanz, Wawer Daniel"]
[Result "0-1"]
[WhiteTitle "II+"]
[BlackTitle "k"]
[WhiteElo "1749"]
[BlackElo "2154"]

1. e4 c6 2. d4 d5 3. exd5 cxd5 4. Bd3 Nc6 5. c3 Qc7 6. Ne2 Bg4 7. O-O e6 8. Qb3
Bd6 9. h3 Bh5 10. Re1 Nge7 11. Nd2 O-O 12. Nf1 Rab8 13. a4 a6 14. Neg3 Bg6 15.
Bxg6 Nxg6 16. Bd2 b5 17. Reb1 b4 18. Qd1 bxc3 19. bxc3 Na5 20. Ne2 Nc4 21. Rxb8
Rxb8 22. Rb1 Qc6 23. Rxb8+ Bxb8 24. Bc1 Bc7 25. Nd2 Nb6 26. a5 Nc4 27. Nxc4 Qxc4
28. Ba3 Bxa5 29. Qb1 h6 30. Qb2 Qb5 31. Qxb5 axb5 32. Bb4 Bxb4 33. cxb4 Ne7 34.
Nc3 Nc6 35. Nxb5 Nxb4 36. Kf1 Kf8 37. Ke2 Ke7 38. Kd2 Kd7 39. Kc3 Na6 40. Kb3
Nc7 41. Nc3 Kc6 42. Kb4 Kd6 43. f4 f6 44. Ne2 e5 45. fxe5+ fxe5 46. dxe5+ Kxe5
47. Kc3 Ne6 48. g3 Ke4 49. Kd2 Kf3 50. h4 g6 51. Ke1 Ke3 52. Nc3 Nc7 53. Ne2 g5
54. hxg5 hxg5 55. Ng1 d4 56. Ne2 Nb5 57. Ng1 d3 58. Nh3 d2+ 0-1

[Event "Druzynowe Mistrzostwa Polski Juniorow 2019 - II Liga"]
[Site "Szczyrk"]
[Date "1899-12-30"]
[Round "3.20"]
[White "Golecki, Jan"]
[Black "Kejna, Piotr"]
[Result "1-0"]
[WhiteTitle "I++"]
[BlackTitle "CM"]
[WhiteElo "1947"]
[BlackElo "1726"]

1. d4 Nf6 2. c4 c5 3. d5 e6 4. Nc3 exd5 5. cxd5 d6 6. e4 g6 7. f4 Bg7 8. Bb5+ Nfd7
9. a4 O-O 10. Nf3 Re8 11. O-O a6 12. Bc4 b6 13. Re1 Qc7 14. e5 dxe5 15. d6 Qb7
16. Ng5 Rf8 17. Bd5 Nc6 18. Qf3 Ndb8 19. fxe5 h6 20. Nxf7 Rxf7 21. d7 1-0

[Event "Druzynowe Mistrzostwa Polski Juniorow 2019 - II Liga"]
[Site "Szczyrk"]
[Date "1899-12-30"]
[Round "3.21"]
[White "Eigner, Jerzy"]
[Black "Mulawa, Cyprian"]
[Result "0-1"]
[WhiteTitle "II+"]
[BlackTitle "II+"]
[WhiteElo "1516"]
[BlackElo "1454"]

1. e4 c5 2. Nf3 Nc6 3. d4 cxd4 4. Nxd4 Nf6 5. Nc3 e5 6. Ndb5 d6 7. Bg5 a6 8. Na3
b5 9. Nd5 Be7 10. Bxf6 Bxf6 11. c4 b4 12. Nc2 a5 13. g3 O-O 14. Bg2 Bg5 15. O-O
Ne7 16. f4 Nxd5 17. exd5 exf4 18. gxf4 Bf6 19. Rb1 Bf5 20. Qd2 a4 21. Rbe1 Bxc2
22. Qxc2 Qb6+ 23. Kh1 b3 24. axb3 axb3 25. Qf5 Bxb2 26. Be4 g6 27. Qh3 f5 28.
Bd3 Bg7 29. Re7 Ra7 30. Re6 b2 31. Qf3 Ra1 32. Bb1 Qd4 33. Qe2 Qc3 34. Re1 Qc1
35. Qd3 Qxf4 36. c5 Ra7 37. c6 Qd4 38. Qb3 f4 39. Re8 Qf2 40. R8e2 Qd4 41. Re8
Raf7 42. Qf3 Be5 43. Rxf8+ Kxf8 44. Qb3 Qa7 45. Rxe5 dxe5 46. d6 Qf2 47. Qd1 f3
48. Qg1 Qxg1+ 49. Kxg1 Ke8 50. Kf2 Rf6 51. d7+ Kd8 52. Be4 Rxc6 53. Kxf3 Kxd7
0-1

[Event "Druzynowe Mistrzostwa Polski Juniorow 2019 - II Liga"]
[Site "Szczyrk"]
[Date "1899-12-30"]
[Round "3.22"]
[White "Wolski, Michal"]
[Black "Komendecki, Antoni"]
[Result "1-0"]
[WhiteTitle "II"]
[BlackTitle "II"]
[WhiteElo "1454"]
[BlackElo "1416"]

1. e4 c5 2. Nf3 Nc6 3. d4 cxd4 4. Nxd4 g6 5. c4 Nf6 6. Nc3 Bg7 7. Be3 O-O 8. Be2
a6 9. O-O d6 10. Rc1 Bd7 11. b3 Rc8 12. f3 e6 13. Qd2 Re8 14. Rfd1 Qe7 15. Bf2
d5 16. exd5 exd5 17. Re1 Qd6 18. Nxc6 Bxc6 19. c5 Qd7 20. Bd4 Re7 21. Bd3 Rce8
22. Rxe7 Rxe7 23. Bc2 Qe6 24. b4 Ne8 25. a4 Nc7 26. Bxg7 Kxg7 27. Qd4+ Qf6 28.
Qxf6+ Kxf6 29. Kf2 h5 30. Rb1 d4 31. Ne4+ Bxe4 32. Bxe4 Ne6 33. Rc1 Rc7 34. c6
b6 35. Bd3 Nd8 36. Bxa6 Rxc6 37. Rxc6+ Nxc6 38. b5 Na5 39. Ke2 Ke5 40. Bc8 Nb3
41. Bd7 Nc5 42. Be8 Ke6 43. a5 bxa5 44. b6 Ke7 45. Bb5 Kd8 46. Bc4 f6 47. Bb5
a4 48. Bc6 a3 49. Bd5 Na4 50. b7 Kc7 51. Kd3 Nc3 52. Be6 a2 53. Bxa2 Nxa2 54.
Kxd4 Nb4 55. b8=Q+ Kxb8 56. Kc5 Kc7 57. Kxb4 Kb6 58. Kc4 Kc6 59. Kd4 Kd6 60. g4
f5 61. gxh5 gxh5 62. f4 Ke6 63. Kc5 h4 64. h3 Kf6 65. Kd5 Kf7 66. Ke5 Ke7 67.
Kxf5 Kf7 68. Kg5 Ke6 69. f5+ Kf7 70. Kxh4 Kf6 71. Kg4 Kf7 72. Kg5 Kg7 73. f6+
Kf7 74. h4 Kg8 75. Kg6 Kh8 76. Kf7 Kh7 77. Ke7 Kg6 78. f7 Kf5 79. f8=Q+ Ke5 80.
Qf6+ Kd5 81. Qd6+ Ke4 82. Ke6 Kf3 83. Kf5 Ke3 84. Qd5 Ke2 85. Qb3 Kd2 86. Ke4
Ke2 87. Qb2+ Kf1 88. Kf3 Ke1 89. Qc1# 1-0

[Event "Druzynowe Mistrzostwa Polski Juniorow 2019 - II Liga"]
[Site "Szczyrk"]
[Date "1899-12-30"]
[Round "3.23"]
[White "Lascar, Maria Elena"]
[Black "Trzaskowska, Hanna"]
[Result "1-0"]
[WhiteTitle "I+"]
[BlackTitle "I"]
[WhiteElo "1590"]
[BlackElo "1628"]

1. e4 e5 2. Nf3 Nc6 3. Bc4 Bc5 4. c3 Nf6 5. d4 exd4 6. e5 d5 7. Bb5 Ne4 8. cxd4
Bb6 9. h3 O-O 10. O-O Ne7 11. Nc3 Nxc3 12. bxc3 c6 13. Bd3 Bf5 14. Bg5 Bxd3 15.
Qxd3 h6 16. Bh4 Qd7 17. Rad1 Nf5 18. g4 Nxh4 19. Nxh4 g6 20. f4 Bd8 21. Ng2 f5
22. exf6 Rxf6 23. g5 hxg5 24. fxg5 Rxf1+ 25. Rxf1 Bxg5 26. Qxg6+ Qg7 27. Qe6+
Kh8 28. Rf7 Qh6 29. Qe5+ Kg8 30. Rf5 Bd2 31. Rh5 Qg7 32. Qe6+ Qf7 33. Rh8+ Kxh8
34. Qxf7 Bxc3 35. Nf4 Bxd4+ 36. Kf1 Rg8 37. Ng6+ Rxg6 38. Qxg6 Bg7 39. h4 c5 40.
h5 c4 41. h6 Bb2 42. h7 Bg7 43. Ke2 d4 44. Kd2 b5 45. Qe8+ Kxh7 46. Qxb5 c3+ 47.
Kc2 Kg6 48. Qa6+ Kf5 49. Qxa7 Be5 50. Qh7+ 1-0

[Event "Druzynowe Mistrzostwa Polski Juniorow 2019 - II Liga"]
[Site "Szczyrk"]
[Date "1899-12-30"]
[Round "3.24"]
[White "Moscicka, Alicja"]
[Black "Salamon, Julia"]
[Result "1/2-1/2"]
[WhiteTitle "II"]
[BlackTitle "I"]
[WhiteElo "1000"]
[BlackElo "1273"]

1. d4 d5 2. c4 e6 3. Nc3 Nf6 4. cxd5 exd5 5. Bg5 Be7 6. e3 h6 7. Bh4 O-O 8. Bd3
c6 9. Nge2 Nbd7 10. O-O b6 11. b3 Bb7 12. Qc2 Rc8 13. Qb2 c5 14. Rac1 Qc7 15.
Nb5 Qb8 16. a4 a6 17. Na3 Qd6 18. Nb1 Qc7 19. Nd2 Qc6 20. f3 Qe6 21. Bf2 Bd6 22.
Rfe1 Qe7 23. Qa2 Rfe8 24. Ng3 Bxg3 25. Bxg3 cxd4 26. Rxc8 Rxc8 27. exd4 Qb4 28.
Bf2 Qc3 29. Bf5 Qb4 30. Qb2 Bc6 31. Rc1 Qf8 32. Bd3 Bb7 33. Re1 Qb4 34. Rc1 Rxc1+
35. Qxc1 Qd6 36. Bg3 Qb4 37. Bf2 Qf8 38. Nf1 Qd6 39. Ne3 Nf8 40. Nf5 Qd7 41. Bg3
Ne6 42. Qb2 a5 43. Bb5 Qd8 44. Qc3 Kh7 45. Qd3 g6 46. Nd6 Qe7 47. Be5 Nd7 48.
Nxb7 Nxe5 49. dxe5 Qxb7 50. Ba6 Nc5 51. Bxb7 Nxd3 52. Bxd5 Nxe5 53. f4 Nd3 54.
g3 Kg7 55. Kf1 f6 56. Ke2 Nb4 57. Bc4 Kf8 58. Kd2 Ke7 59. Kc3 Kd6 60. Bb5 Kc5
61. h4 Na2+ 62. Kb2 Nb4 63. Kc3 Kd5 64. Bd3 Nc6 65. Bxg6 Nd4 66. Bd3 f5 67. h5
Kc5 68. Kb2 Kb4 69. Bc4 1/2-1/2

[Event "Druzynowe Mistrzostwa Polski Juniorow 2019 - II Liga"]
[Site "Szczyrk"]
[Date "1899-12-30"]
[Round "3.25"]
[White "Rudzinska, Michalina"]
[Black "Tustanowski, Mateusz"]
[Result "0-1"]
[WhiteTitle "WFM"]
[BlackTitle "I++"]
[WhiteElo "2143"]
[BlackElo "1948"]

1. e4 d5 2. exd5 Qxd5 3. Nc3 Qd8 4. d4 g6 5. Nf3 Bg7 6. Be3 Nf6 7. h3 a6 8. a4
b6 9. Bc4 Bb7 10. O-O O-O 11. d5 b5 12. axb5 axb5 13. Nxb5 Nxd5 14. Bc5 Rxa1 15.
Qxa1 Nf4 16. Qa3 Qd7 17. Re1 Nxh3+ 18. gxh3 Qxh3 19. Bf1 Qxf3 20. Qxf3 Bxf3 21.
Rxe7 Rd8 22. Bc4 Nc6 23. Bxf7+ Kh8 24. Re1 Ne5 25. Bb3 Bc6 26. Nd4 Rxd4 27. Bxd4
Nf3+ 28. Kf1 Nxe1 29. Bxg7+ Kxg7 30. Kxe1 Kf6 31. Bc4 h5 32. Bf1 Ke5 33. b4 g5
34. b5 Be4 35. c4 Kd4 36. Kd2 h4 37. c5 g4 38. c6 h3 39. b6 h2 40. bxc7 h1=Q 41.
c8=Q Qh6+ 42. Kd1 Ke5 0-1

[Event "Druzynowe Mistrzostwa Polski Juniorow 2019 - II Liga"]
[Site "Szczyrk"]
[Date "1899-12-30"]
[Round "3.26"]
[White "Kukula, Karol"]
[Black "Wierzbicki, Michal"]
[Result "0-1"]
[WhiteTitle "I"]
[BlackTitle "I+"]
[WhiteElo "1770"]
[BlackElo "2007"]

1. e4 e6 2. d4 d5 3. Nd2 Nf6 4. Bd3 b6 5. c3 Be7 6. Ngf3 c5 7. O-O O-O 8. Re1 Ba6
9. Bxa6 Nxa6 10. Qe2 Qc8 11. exd5 Nxd5 12. Ne4 h6 13. c4 Nf6 14. Nxf6+ Bxf6 15.
Be3 Rd8 16. Rad1 Qb7 17. h3 Rd7 18. dxc5 Nxc5 19. Bxc5 bxc5 20. Rxd7 Qxd7 21.
Rd1 Bd4 22. Rd2 Rb8 23. a3 f6 24. b4 e5 25. bxc5 Rb1+ 26. Rd1 Rxd1+ 27. Kh2 0-1

[Event "Druzynowe Mistrzostwa Polski Juniorow 2019 - II Liga"]
[Site "Szczyrk"]
[Date "1899-12-30"]
[Round "3.27"]
[White "Czarniecki, Pawel"]
[Black "Pisarek, Jan"]
[Result "1/2-1/2"]
[WhiteTitle "II"]
[BlackTitle "I"]
[WhiteElo "1508"]
[BlackElo "1616"]

1. d4 c5 2. d5 e5 3. c4 d6 4. Nc3 g6 5. e4 Bg7 6. Bd3 Ne7 7. Nge2 O-O 8. O-O f5
9. Bg5 f4 10. f3 h6 11. Bxe7 Qxe7 12. g3 g5 13. g4 Kf7 14. Kg2 Rh8 15. Rh1 Na6
16. a3 Bd7 17. Qb3 b6 18. Raf1 Nc7 19. Qd1 h5 20. h3 Rab8 21. b4 a5 22. Na2 Rb7
23. Nec3 h4 24. Qc2 Rhb8 25. Rb1 Bf6 26. Rb2 Na6 27. bxa5 bxa5 28. Rhb1 Be8 29.
Rxb7 Rxb7 30. Rxb7 Qxb7 31. Qb1 Qxb1 32. Bxb1 Bd8 33. Bc2 Ke7 34. Ba4 Bxa4 35.
Nxa4 Kd7 36. N2c3 Be7 37. Nb5 Nc7 38. Nb6+ Kd8 39. Na7 Ke8 40. Nbc8 Bf8 41. Nc6
Kd7 42. Nb6+ Ke8 43. Nxa5 Na6 44. Nc6 Be7 45. Kf2 Bd8 46. Nc8 Bc7 47. Ke2 Nb8
48. Nxb8 Bxb8 49. Nb6 Kd8 50. Kd3 Kc7 51. Na4 Kb7 52. Kc3 Ka6 53. Kb3 Ka5 54.
Nc3 Bc7 55. Nb5 Bb8 56. Nc3 Bc7 57. Ne2 Bd8 58. Nc1 Be7 59. Na2 Bd8 60. Nc3 Bc7
61. Na4 Bb8 62. Nb2 1/2-1/2

[Event "Druzynowe Mistrzostwa Polski Juniorow 2019 - II Liga"]
[Site "Szczyrk"]
[Date "1899-12-30"]
[Round "3.28"]
[White "Duda, Leon"]
[Black "Pieczulis, Blazej"]
[Result "1-0"]
[WhiteTitle "II"]
[BlackTitle "I"]
[WhiteElo "1272"]
[BlackElo "1480"]

1. e4 e6 2. d4 d5 3. exd5 exd5 4. Nf3 Bd6 5. c4 c6 6. Nc3 Ne7 7. cxd5 Nxd5 8. Bc4
Qe7+ 9. Qe2 Be6 10. O-O O-O 11. Ng5 h6 12. Nxe6 fxe6 13. Re1 Re8 14. Qg4 Qf7 15.
Bxh6 Nd7 16. Ne4 N7f6 17. Nxd6 Nxg4 18. Nxf7 Kxf7 19. Bg5 Ngf6 20. Re2 Rad8 21.
Rae1 Rd7 22. h4 Nh7 23. Re5 Nc7 24. R1e4 Nxg5 25. Rxg5 b5 26. Bb3 Red8 27. Rf4+
Kg8 28. Rfg4 Kh8 29. Rg6 Re7 30. h5 Rdd7 31. Rf4 Rd8 32. h6 Kg8 33. Rfg4 Rdd7
34. Bc2 Ne8 35. Bb3 Nc7 36. f4 Kh8 37. f5 Ne8 38. Bxe6 Rc7 39. hxg7+ Rxg7 40.
Rh6+ Rh7 41. Rg8# 1-0

[Event "Druzynowe Mistrzostwa Polski Juniorow 2019 - II Liga"]
[Site "Szczyrk"]
[Date "1899-12-30"]
[Round "3.29"]
[White "Choinska, Debora"]
[Black "Pisarek, Elzbieta"]
[Result "1/2-1/2"]
[WhiteTitle "I++"]
[BlackTitle "I"]
[WhiteElo "1737"]
[BlackElo "1605"]

1. e4 c5 2. Nf3 d6 3. d4 cxd4 4. Nxd4 Nf6 5. Nc3 g6 6. Be3 Bg7 7. f3 Nc6 8. Qd2
O-O 9. Bc4 Bd7 10. O-O-O Rc8 11. Bb3 a6 12. g4 h5 13. gxh5 Nxh5 14. Nce2 Nxd4
15. Bxd4 Bxd4 16. Qxd4 Qa5 17. Kb1 Qc5 18. Qd2 Kh7 19. Rdg1 Qf2 20. Rf1 Qc5 21.
Ng3 Kg7 22. Rfg1 Rh8 23. f4 Nxg3 24. Rxg3 e6 25. Rg5 Qb6 26. Rhg1 Kf8 27. Qg2
Qd4 28. f5 exf5 29. exf5 Bxf5 30. Qxb7 Qf6 31. R5g2 a5 32. Rf2 Qe7 33. Qd5 Rc5
34. Qd2 Rh4 35. Rf4 Rxf4 36. Qxf4 Qf6 37. Qd2 Kg7 38. Rd1 1/2-1/2

[Event "Druzynowe Mistrzostwa Polski Juniorow 2019 - II Liga"]
[Site "Szczyrk"]
[Date "1899-12-30"]
[Round "3.30"]
[White "Bialek, Alicja"]
[Black "Walendykiewicz, Martyna"]
[Result "0-1"]
[WhiteTitle "I"]
[BlackTitle "I"]
[WhiteElo "1367"]
[BlackElo "1221"]

1. e4 e5 2. Nf3 Nf6 3. Nxe5 d6 4. Nf3 Nxe4 5. d4 d5 6. Bd3 Bg4 7. h3 Bh5 8. O-O
Be7 9. c4 c6 10. Nc3 Nxc3 11. bxc3 O-O 12. g4 Bg6 13. cxd5 Qxd5 14. c4 Qd6 15.
Kg2 Bf6 16. Bxg6 fxg6 17. g5 Bd8 18. Qb3 Qc7 19. Re1 Be7 20. Qe3 Bb4 21. Re2 Na6
22. Bb2 Qf7 23. Qb3 Rae8 24. Rxe8 Rxe8 25. a3 Bd6 26. Ne5 Bxe5 27. dxe5 Nc5 28.
Qc2 Qf4 29. Rg1 Qxg5+ 30. Kf1 Qf5 31. Qxf5 gxf5 32. Ke2 Nd7 33. f4 Nb6 34. Kd3
Rd8+ 35. Ke2 Nxc4 36. Ba1 g6 37. a4 Rd2+ 38. Kf3 Rd3+ 39. Kg2 Ne3+ 40. Kh2 Nd5
41. Re1 Re3 42. Rxe3 Nxe3 43. Bd4 Nd5 44. Kg3 b6 45. Bb2 Kf7 46. Kf3 Ke6 47. Bc1
Nc3 48. a5 Na4 49. axb6 axb6 50. h4 h5 51. Ke3 Kd5 52. Kd2 Nc5 53. Kc3 Ne4+ 54.
Kb3 Nf2 55. Be3 Nd3 56. Kc3 Nc5 57. Kb4 Na6+ 58. Kc3 c5 59. Kb3 b5 60. Bd2 c4+
61. Ka3 Kc6 62. Be1 Nc7 63. Bd2 Kd5 64. Kb4 Kc6 65. Ka3 Nd5 66. Kb2 b4 67. Bc1
Kc5 68. Kc2 b3+ 69. Kb2 Kb4 70. Kb1 c3 71. e6 Ne7 72. Be3 Nd5 73. Bc1 Nc7 74.
e7 Ne8 75. Be3 Kc4 76. Bc1 Kd3 77. Ba3 b2 78. Bb4 Kc4 79. Ba5 Kb3 80. Bxc3 Kxc3
81. Ka2 Kc2 82. Ka3 b1=Q 83. Ka4 Qb6 84. Ka3 Qb3# 0-1

[Event "Druzynowe Mistrzostwa Polski Juniorow 2019 - II Liga"]
[Site "Szczyrk"]
[Date "1899-12-30"]
[Round "3.31"]
[White "Krawczyk, Wojciech"]
[Black "Majocha, Piotr"]
[Result "1/2-1/2"]
[WhiteTitle "I"]
[BlackTitle "I++"]
[WhiteElo "1780"]
[BlackElo "2005"]

1. d4 Nf6 2. c4 g6 3. Nc3 d5 4. cxd5 Nxd5 5. e4 Nxc3 6. bxc3 Bg7 7. Bc4 O-O 8.
Ne2 c5 9. O-O cxd4 10. cxd4 Nc6 11. Be3 Na5 12. Bd5 e6 13. Bb3 b6 14. f3 Ba6 15.
Re1 Rc8 16. Qd2 Nc4 17. Bxc4 Bxc4 18. Rac1 Qd7 19. Red1 b5 20. Ng3 Rc6 21. e5
Bd5 22. Rxc6 Qxc6 23. Rc1 Qa6 24. Qb2 Qxa2 25. Qxb5 a5 26. Ne4 Bxe4 27. fxe4 a4
28. Qa6 h5 29. Bg5 Rb8 30. Rc8+ Rxc8 31. Qxc8+ Kh7 32. Qd7 a3 33. Bf6 Qb1+ 34.
Kf2 Qc2+ 35. Kf3 Qd3+ 36. Kf2 Qxe4 37. Qxf7 Qxd4+ 38. Kf3 Qd3+ 39. Kf2 Qd2+ 40.
Kf3 Qd3+ 41. Kf2 Qd2+ 42. Kf3 Qc3+ 43. Kf2 Qc5+ 44. Kf3 Qf8 45. Qxe6 a2 46. Qxa2
Bxf6 47. exf6 Qxf6+ 48. Kg3 h4+ 49. Kh3 g5 50. Qc2+ Kh6 51. Qe4 Qc3+ 52. g3 Qc8+
53. Qg4 Qxg4+ 54. Kxg4 hxg3 55. Kxg3 Kh5 56. h3 Kg6 57. Kg4 Kh6 58. h4 gxh4 59.
Kxh4 1/2-1/2

[Event "Druzynowe Mistrzostwa Polski Juniorow 2019 - II Liga"]
[Site "Szczyrk"]
[Date "1899-12-30"]
[Round "3.32"]
[White "Szydelko, Michal"]
[Black "Knapik, Kamil"]
[Result "1/2-1/2"]
[WhiteTitle "I"]
[BlackTitle "II+"]
[WhiteElo "1843"]
[BlackElo "1583"]

1. e4 c5 2. c3 e6 3. d4 d5 4. exd5 exd5 5. Bb5+ Nc6 6. Nf3 Be6 7. O-O Nf6 8. Ne5
Rc8 9. Qa4 Qb6 10. Be3 cxd4 11. Bxd4 Bc5 12. Bxc5 Qxc5 13. Nd2 O-O 14. Bxc6 bxc6
15. Nb3 Qb6 16. Nd4 c5 17. Nxe6 fxe6 18. Rab1 Rc7 19. Qc2 Qd6 20. Rfe1 Rb7 21.
f3 Rfb8 22. Qe2 Rb6 23. Red1 Qc7 24. Rd2 a5 25. Qe3 c4 26. Ng4 Nxg4 27. fxg4 Rc6
28. Rf2 Qb6 29. Qf4 Rc7 30. Rbf1 h6 31. h4 Re7 32. g5 e5 33. Qd2 d4 34. cxd4 exd4
35. gxh6 Qxh6 36. Qxa5 Rd7 37. Qc5 Qe3 38. Kh1 Rdd8 39. Qxc4+ Kh8 40. Rf5 Qh6
41. Qf7 Rf8 42. Qc7 Rfe8 43. Qc5 Qxh4+ 44. Kg1 Qe4 45. Rh5+ Kg8 46. Qc4+ Re6 47.
Qc7 Rxb2 48. Qh2 Qe3+ 49. Kh1 Rh6 50. Rxh6 Qxh6 51. Qxh6 gxh6 52. Rd1 Rxa2 1/2-1/2

[Event "Druzynowe Mistrzostwa Polski Juniorow 2019 - II Liga"]
[Site "Szczyrk"]
[Date "1899-12-30"]
[Round "3.33"]
[White "Szlosarczyk, Hubert"]
[Black "Bochenek, Ryszard"]
[Result "1/2-1/2"]
[WhiteTitle "I"]
[BlackTitle "II"]
[WhiteElo "1549"]
[BlackElo "1362"]

1. d4 Nf6 2. c4 g6 3. Nc3 Bg7 4. e4 d6 5. h3 O-O 6. Bg5 Nbd7 7. Nf3 c5 8. d5 a6
9. Be2 Rb8 10. Qc2 Ne8 11. Bd3 Nc7 12. O-O b5 13. Rab1 Nb6 14. b3 b4 15. Ne2 a5
16. Bc1 Bd7 17. Bb2 f6 18. Nd2 a4 19. f4 e5 20. f5 g5 21. Ng3 Be8 22. Be2 Kf7
23. Bh5+ Ke7 24. Qd1 Ra8 25. Ra1 Rg8 26. Bxe8 Qxe8 27. Qh5 Qxh5 28. Nxh5 Bh6 29.
g4 Ne8 30. Kg2 Bf8 31. Nf3 Ng7 32. Nxg7 Rxg7 33. Ng1 h5 34. Nf3 h4 35. Nd2 a3
1/2-1/2

[Event "Druzynowe Mistrzostwa Polski Juniorow 2019 - II Liga"]
[Site "Szczyrk"]
[Date "1899-12-30"]
[Round "3.34"]
[White "Szuber, Dawid"]
[Black "Duda, Szymon"]
[Result "0-1"]
[WhiteTitle "II"]
[BlackTitle "II+"]
[WhiteElo "1340"]
[BlackElo "1380"]

1. e4 e5 2. Nc3 Nf6 3. g3 Nc6 4. Bg2 Bc5 5. Nge2 d6 6. Na4 Bb6 7. Nxb6 axb6 8.
d3 h6 9. c3 O-O 10. O-O Be6 11. a3 Re8 12. h3 Qd7 13. Kh2 d5 14. f4 dxe4 15. dxe4
Qxd1 16. Rxd1 Bc4 17. Ng1 Rad8 18. Be3 Bb3 19. Rxd8 Rxd8 20. fxe5 Nxe5 21. Bf4
Re8 22. Re1 c6 23. Bxe5 Rxe5 24. Ne2 Bc2 25. Nd4 Bxe4 26. Nf3 Re8 27. Nd2 Bxg2
28. Rxe8+ Nxe8 29. Kxg2 Kf8 30. Nc4 b5 31. Ne5 Nd6 32. b3 Ke7 33. Kf3 Ke6 34.
Nd3 b6 35. Nf4+ Ke7 36. Nd3 Nb7 37. Ke3 Kd6 38. b4 Ke6 39. Kf3 Nd6 40. Nb2 f5
41. a4 bxa4 42. Nxa4 Ne4 43. Nxb6 Nxc3 44. Nc4 Nd5 45. h4 Nxb4 46. h5 Nd5 47.
g4 fxg4+ 48. Kxg4 Nf6+ 49. Kh4 c5 50. Ne3 Ke5 51. Nc4+ Kd4 52. Nd6 c4 53. Nf5+
Ke5 54. Ne3 c3 55. Nc2 Ke4 56. Nb4 Ke3 57. Nc2+ Kd2 58. Nd4 c2 59. Nxc2 Kxc2 60.
Kg3 Nxh5+ 0-1

[Event "Druzynowe Mistrzostwa Polski Juniorow 2019 - II Liga"]
[Site "Szczyrk"]
[Date "1899-12-30"]
[Round "3.35"]
[White "Czarnecka, Lidia"]
[Black "Wasala, Wiktoria"]
[Result "1-0"]
[WhiteTitle "I++"]
[BlackTitle "I"]
[WhiteElo "1731"]
[BlackElo "1515"]

1. e4 Nf6 2. e5 Nd5 3. d4 d6 4. c4 Nb6 5. exd6 exd6 6. Nc3 Nc6 7. Be3 Be7 8. Bd3
Bf6 9. Nge2 O-O 10. O-O Bg4 11. Qd2 Nb4 12. b3 Nxd3 13. Qxd3 Bg5 14. f4 Bf6 15.
Ng3 c5 16. Rae1 cxd4 17. Bxd4 h6 18. Bxf6 Qxf6 19. Nce4 Qh4 20. Qxd6 Rad8 21.
Qb4 Rfe8 22. c5 Nd5 23. Qxb7 Re7 24. Qc6 Nb4 25. Qb5 Nc2 26. Rc1 Nd4 27. Qb4 Be2
28. Rf2 Bd3 29. Nd6 Nc2 30. Qc3 Bh7 31. Ngf5 Bxf5 32. Nxf5 1-0